| 000 | 00385nam a2200145Ia 4500 | ||
|---|---|---|---|
| 008 | 230917s9999||||xx |||||||||||||| ||und|| | ||
| 040 |
_e24288 _aMAIN |
||
| 041 | _aEnglish | ||
| 082 | _a301.04 F637M | ||
| 100 | _aFletcher, Ronald | ||
| 245 | 0 | _aMaking of sociology: A study of sociological theory | |
| 260 |
_aLondon _bMichael Joseph _c1971 |
||
| 300 | _axxvi, 699 p. | ||
| 942 | _cBK | ||
| 999 |
_c148857 _d148857 |
||